Pays dont le nom est défini au pluriel - Statistiques

Statistiques générales
  • Ce quiz a été pris 304 fois
  • Le résultat moyen est 9 sur 15
Statistiques - réponses
Réponse % Correct
Les États-Unis
77%
Les Seychelles
74%
Les Maldives
67%
Les Comores
66%
Les Fidji
66%
Les Îles Marshall
64%
Les Philippines
62%
Les Bahamas
60%
Les Îles Salomon
59%
Les Émirats arabes unis
58%
Les Samoa
55%
Les Tonga
52%
Les Pays-Bas
46%
Les Tuvalu
46%
Les Palaos
40%
Aucun quiz correspondant
Distribution des résultats
% des personnes avec chaque résultat
Percentile par nombre de réponses
Votre historique - résultats
Vous n’avez pas pris ce quiz